Państwa w ETS 2 - Statystyki

Ogólne statystyki
  • Ten quiz został rozwiązany 767 razy
  • Średni wynik to 27 z 29
Statystyki odpowiedzi
DLC Państwo % Poprawnych
Polska
99%
Polska
99%
Francja
98%
Vive la France Francja
98%
Niemcy
98%
Włochy
97%
Italia Włochy
97%
Skandynawia Szwecja
95%
Czechy
94%
Czechy
94%
Rosja
94%
Norwegia
93%
Słowacja
93%
Słowacja
93%
Wielka Brytania
93%
Finlandia
92%
Belgia
91%
Dania
91%
Holandia
91%
Podstawka Austria
90%
BTBS Litwa
90%
Estonia
89%
Łotwa
89%
Going East Węgry
88%
Szwajcaria
85%
Luksemburg
83%
RTBS (future) Rumunia
83%
Bułgaria
81%
Turcja
80%
Nie znaleziono quizów pasujących do podanych kryteriów
Rozkład punktacji
Procent ludzi z każdym wynikiem
Percentyl według liczby udzielonych odpowiedzi
Twoja historia wyników
Nie rozwiązałeś tego quizu